Black Star - Radiohead (All Lyrics) - Statistics

General Stats
  • This quiz has been taken 193 times
  • The average score is 140 of 195
Answer Stats
Answer % Correct
I
100%
star
97%
black
96%
on
96%
the
96%
it
94%
Blame
93%
a
92%
home
86%
sky
86%
satellite
82%
you
82%
falling
81%
get
80%
That
79%
that
79%
do?
78%
do
78%
me
78%
to
78%
to?
78%
And
77%
and
77%
what
75%
What
75%
from
73%
work
72%
we
71%
am
69%
in
69%
are
68%
your
68%
gonna
62%
beams
59%
stand
59%
coming
58%
just
58%
you're
58%
train
55%
don't
54%
still
54%
keep
53%
of
53%
standing
53%
dressing
52%
gown
52%
is
52%
When
52%
think
51%
see
50%
know
47%
they
46%
it's
45%
out
45%
over
45%
Since
45%
with
45%
face
44%
hours
44%
like
43%
passing
43%
slept
43%
but
42%
last
42%
Now
42%
around
39%
all
37%
This
37%
try
37%
head
36%
I'm
36%
Well
36%
things
35%
anymore
32%
mind
32%
stay
32%
Troubled
32%
troubled
32%
awake
31%
understand
31%
words
31%
58
30%
down
30%
killing
30%
eating
28%
about
25%
melt
24%
No matching quizzes found
Score Distribution
Percent of People with Each Score
Percentile by Number Answered
Your Score History
You have not taken this quiz